Detalles MARC
| 000 -LEADER |
| fixed length control field |
02192 am a2200517 a 4500 |
| 005 - FECHA ULTIMA MODIFICACION |
| control field |
20240522104418.0 |
| 008 - CAMPO DE CONTROL (LIBRO) |
| fixed length control field |
100325q1990||||ag d f |||| 000 0 spa d |
| 020 ## - INTERNATIONAL STANDARD BOOK NUMBER |
| ISBN |
S/N |
| 041 ## - CODIGO DE IDIOMA |
| Código de idioma del texto/pista de sonido o título separado |
spa |
| 092 ## - SIGNATURA TOPOGRAFICA DEWEY LOCAL |
| número de clasificación |
616.132 |
| libristica |
34 |
| sección |
HIP |
| 245 ## - TITULO PROPIAMENTE DICHO |
| Título |
Hipertensión Arterial. |
| Subtítulo y Título paralelo |
Areas de cardiología de los hospitales del gobierno de la ciudad de Buenos Aires / |
| Mención de responsabilidad y remanente de la transcripción de la portada |
Horacio Romero Villanueva |
| 250 ## - MENCION DE EDICION |
| Mención de edición |
1a ed. |
| 260 ## - PIE DE IMPRENTA |
| Lugar de publicación, distribución, etc |
Buenos Aires: |
| Nombre de la editorial, distribuidor, etc |
Roemmers; |
| Fecha de publicación |
1999? |
| 300 ## - DESCRIPCION FISICA |
| Extension |
219 p. |
| 500 ## - NOTA GENERAL |
| Nota general |
Romero Villanueva, H. (Ed.). et al. (1999?). Hipertensión Arterial. Áreas de cardiología de los hospitales del gobierno de la ciudad de Buenos Aires. (1a ed.) Buenos Aires : Roemmers. |
| 590 ## - NOTAS LOCALES (RLIN) |
| Nota local |
Donación Dr. Pablo Olavegogeascoechea, 2008 |
| 653 ## - TÉRMINO INDIZADO - PALABRAS CLAVES |
| Palabra clave |
Fisiopatología de la hipertensión arterial primaria |
| 653 ## - TÉRMINO INDIZADO - PALABRAS CLAVES |
| Palabra clave |
Riesgo cardiovascular e hipertensión arterial |
| 653 ## - TÉRMINO INDIZADO - PALABRAS CLAVES |
| Palabra clave |
Medición de la presión arterial |
| 653 ## - TÉRMINO INDIZADO - PALABRAS CLAVES |
| Palabra clave |
Monitoreo ambulatorio de la presion arterial |
| 653 ## - TÉRMINO INDIZADO - PALABRAS CLAVES |
| Palabra clave |
Hipertensión arterial esencial |
| 653 ## - TÉRMINO INDIZADO - PALABRAS CLAVES |
| Palabra clave |
Hipertensión secundaria |
| 653 ## - TÉRMINO INDIZADO - PALABRAS CLAVES |
| Palabra clave |
Hipertensión arterial y diabetes |
| 653 ## - TÉRMINO INDIZADO - PALABRAS CLAVES |
| Palabra clave |
Obesidad e hipertensión arterial |
| 653 ## - TÉRMINO INDIZADO - PALABRAS CLAVES |
| Palabra clave |
Hipertensión arterial y apnea obstructiva del sueño |
| 653 ## - TÉRMINO INDIZADO - PALABRAS CLAVES |
| Palabra clave |
Hipertensión arterial en el embarazo |
| 653 ## - TÉRMINO INDIZADO - PALABRAS CLAVES |
| Palabra clave |
Hipertensión arterial y menopausia |
| 653 ## - TÉRMINO INDIZADO - PALABRAS CLAVES |
| Palabra clave |
Hipertensión arterial en el anciano |
| 653 ## - TÉRMINO INDIZADO - PALABRAS CLAVES |
| Palabra clave |
Hipertensión arterial refractaria |
| 653 ## - TÉRMINO INDIZADO - PALABRAS CLAVES |
| Palabra clave |
Crisis hipertensivas |
| 653 ## - TÉRMINO INDIZADO - PALABRAS CLAVES |
| Palabra clave |
Terapia no farmacológica |
| 653 ## - TÉRMINO INDIZADO - PALABRAS CLAVES |
| Palabra clave |
Tratamiento farmacológico |
| 653 ## - TÉRMINO INDIZADO - PALABRAS CLAVES |
| Palabra clave |
Drogas antihipertensivas |
| 653 ## - TÉRMINO INDIZADO - PALABRAS CLAVES |
| Palabra clave |
Interacciones de drogas antihipertensivas |
| 653 ## - TÉRMINO INDIZADO - PALABRAS CLAVES |
| Palabra clave |
Guías para el manejo de la hipertensión arterial |
| 653 ## - TÉRMINO INDIZADO - PALABRAS CLAVES |
| Palabra clave |
Nuevos fármacos hipotensores en desarrollo |
| 700 1# - ENTRADAS SECUNDARIAS - NOMBRE PERSONAL |
| Nombre personal |
Romero Villanueva, Horacio |
| Función |
Ed. |
| 9 (RLIN) |
411 |
| 700 1# - ENTRADAS SECUNDARIAS - NOMBRE PERSONAL |
| Nombre personal |
Dominé, Enrique Marcelo |
| 9 (RLIN) |
412 |
| Función |
Ed. |
| 700 1# - ENTRADAS SECUNDARIAS - NOMBRE PERSONAL |
| Nombre personal |
Mezzalira, Victor |
| Función |
Ed. asociado |
| 9 (RLIN) |
413 |
| 700 1# - ENTRADAS SECUNDARIAS - NOMBRE PERSONAL |
| Nombre personal |
Salzberg, Simón |
| Función |
Ed. asociado |
| 9 (RLIN) |
414 |
| 700 1# - ENTRADAS SECUNDARIAS - NOMBRE PERSONAL |
| Nombre personal |
Vidal, Luis |
| Función |
Ed. asociado |
| 9 (RLIN) |
415 |
| 700 1# - ENTRADAS SECUNDARIAS - NOMBRE PERSONAL |
| Nombre personal |
Kirszner, Tobias |
| Función |
Ed. asociado |
| 9 (RLIN) |
416 |
| 700 1# - ENTRADAS SECUNDARIAS - NOMBRE PERSONAL |
| Nombre personal |
Hirschson Prado, Alfredo |
| Función |
Ed. asociado |
| 9 (RLIN) |
417 |
| 930 ## - NUMERO DE INVENTARIO |
| Número de inventario |
1945 |
| 942 ## - ADDED ENTRY ELEMENTS (KOHA) |
| Source of classification or shelving scheme |
Dewey Decimal Classification |
| Item type |
Libros |